000 01386nam2a22002531 4500
001 rc\62238
005 20250620193555.0
010 _a5-8491-0038-5
_bМалое предприятие "Свет-1"
_950000
035 _a(NLR Aleph) 005388677
090 _a7167676
_c7167676
100 _a20021216d1994 |||y0rusy50 ca
101 0 _arus
102 _aRU
105 _aa |||||||||
200 1 _aИсаак Лакедем
_eРоман
_fПер. Г. Зингера
210 _d1994
_aБ. м.
215 _a524, [2] с.
_cил.
461 0 _1001rc\62237
_12001#$aˆ[‰Собрание сочинений$eВ 80 т.$eПер. с фр.]$fАлександр Дюма$g[Сост. А.В. Муравьев, Г.Ю. Лихачева$gВступ. ст. Г.Р. Зингера, с. 7-35$gКоммент. Н.А. Чаплыгиной]$v[Т. 1]
_1700#1$aДюма$bА.$gАлександр$cотец$f1803-1870
_97167667
_aДюма, А. (отец ; 1803-1870)
_cМ.
_d1994-
_fАлександр Дюма
_nПКФ "Светоч"
_oВ 80 т. : Пер. с фр.]
_tˆ[‰Собрание сочинений
_y5849100040
_v[Т. 1]
604 _1700#1$aДюма$bА.$gАлександр$cотец
_150010$aИсаак Лакедем$2psbo
_aДюма, Александр (отец)
_tИсаак Лакедем
801 0 _aRU
_bNLR
_gpsbo
801 1 _aRU
_bELAR
_2rusmarc
852 _aNLR
_j94-5/1476
942 _cBOOK
980 _aNB